Šanghajská organizácia spolupráce diplomová práca

Na minha lista:
Detalhes bibliográficos
Autor principal: Hroch, Marek
Autor Corporativo: Fakulta medzinárodných vzťahov EU. Katedra medzinárodných ekonomických vzťahov a hospodárskej diplomacie
Outros Autores: Raneta, Leonid, 1982-
Formato: Livro
Idioma:eslovaco
Publicado em: Bratislava 2016
Tags: Adicionar Tag
Sem tags, seja o primeiro a adicionar uma tag!

MARC

LEADER 00000nbm a2200000 4500
001 0221460
005 20170209153652.4
041 0 |a slo 
044 |a SK 
245 1 0 |a Šanghajská organizácia spolupráce  |b diplomová práca  |c Marek Hroch ; školiteľ: Leonid Raneta 
264 1 |a Bratislava  |c 2016 
300 |a 85 s. 
100 1 |a Hroch, Marek 
700 1 |a Raneta, Leonid, 1982- 
710 2 |a Fakulta medzinárodných vzťahov EU. Katedra medzinárodných ekonomických vzťahov a hospodárskej diplomacie